V trenčianskom ateliéri Foto Tatra prvá dáma našej fotografie Mária Holoubková-Urbasiówna oslávila 102. narodeniny

Bibliographic Details
Main Author: Kráľ, Milan (Author)
Format: Article
Language:Slovak
ISSN:1335-4051
Subjects:

MARC

LEADER 00000nab a2200000 a 4500
001 vtls000720614
003 SK-MaSNL
005 20260302195105.0
008 160322c2000 xo 0 slo
015 |a SNBRB2000/05-11680 
035 |a CLN000072781 
040 |a SNKBUCL  |b slo  |c SNKBUCL  |e AACR2 
041 0 |a slo 
044 |a xo  |c SK 
080 |a 77.04-051  |2 UDC-MRF-SK2 
080 |a 929 Holoubková-Urbasiówna, Mária  |2 UDC-MRF-SK2 
100 1 |a Kráľ, Milan  |4 aut  |9 8337 
245 1 0 |a V trenčianskom ateliéri Foto Tatra  |b prvá dáma našej fotografie Mária Holoubková-Urbasiówna oslávila 102. narodeniny  |c Milan Kráľ 
600 1 7 |a Holoubková-Urbasiówna, Mária,  |d 1898-2004  |2 snkbucl  |9 52513 
655 7 |a články z novín a časopisov  |2 snkbucl  |9 267496 
773 0 |x 1335-4051  |t Pravda  |g Roč. 10, č. 85 (11.4.2000), s. 9 
850 |a Slovenská národná knižnica v Martine 
852 |a SNK  |b KIS3GCP 
958 |a SK 
958 |a BX 
958 |a RBX 
999 |c 1451260  |d 1453190